Lay Sermons, Addresses and Reviews (Record no. 245984)
[ view plain ]
| 000 -LEADER | |
|---|---|
| fixed length control field | 01356cam a22002653a 4500 |
| 001 - CONTROL NUMBER | |
| control field | 16729 |
| 003 - CONTROL NUMBER IDENTIFIER | |
| control field | PGUSA |
| 005 - DATE AND TIME OF LATEST TRANSACTION | |
| control field | 20140828083345.0 |
| 008 - FIXED-LENGTH DATA ELEMENTS--GENERAL INFORMATION | |
| fixed length control field | 050921s2005||||xxu|||||s|||||000 | eng d |
| 040 ## - CATALOGING SOURCE | |
| Original cataloging agency | PGUSA |
| Language of cataloging | eng |
| 042 ## - AUTHENTICATION CODE | |
| Authentication code | dc |
| 050 #4 - LIBRARY OF CONGRESS CALL NUMBER | |
| Classification number | Q |
| 100 1# - MAIN ENTRY--PERSONAL NAME | |
| Personal name | Huxley, Thomas Henry, |
| Dates associated with a name | 1825-1895 |
| 245 10 - TITLE STATEMENT | |
| Title | Lay Sermons, Addresses and Reviews |
| Medium | [electronic resource] / |
| Statement of responsibility, etc | Thomas Henry Huxley |
| 260 ## - PUBLICATION, DISTRIBUTION, ETC. (IMPRINT) | |
| Name of publisher, distributor, etc | Project Gutenberg, |
| Date of publication, distribution, etc | 2005 |
| 505 0# - FORMATTED CONTENTS NOTE | |
| Formatted contents note | On the advisableness of improving natural knowledge -- Emancipation, black and white -- A liberal education: and where to find it -- Scientific education: notes of an after-dinner speech -- On the educational value of the natural history sciences -- On the study of zoology -- On the physical basis of life -- The scientific aspects of positivism -- On a piece of chalk -- Geological contemporaneity and persistent types of life -- Geological reform -- The origin of species -- Criticisms on "The origin of species" -- On Descartes' "Discourse touching the method of using one's reason rightly and of seeking scientific truth". |
| 506 ## - RESTRICTIONS ON ACCESS NOTE | |
| Terms governing access | Public domain in the USA. |
| 516 ## - TYPE OF COMPUTER FILE OR DATA NOTE | |
| Type of computer file or data note | Electronic text |
| 653 ## - INDEX TERM--UNCONTROLLED | |
| Uncontrolled term | Science |
| 653 ## - INDEX TERM--UNCONTROLLED | |
| Uncontrolled term | Science -- Philosophy |
| 653 ## - INDEX TERM--UNCONTROLLED | |
| Uncontrolled term | Evolution (Biology) |
| 830 #0 - SERIES ADDED ENTRY--UNIFORM TITLE | |
| Uniform title | Project Gutenberg |
| Volume number/sequential designation | 16729 |
| 856 40 - ELECTRONIC LOCATION AND ACCESS | |
| Uniform Resource Identifier | <a href="http://www.gutenberg.org/ebooks/16729">http://www.gutenberg.org/ebooks/16729</a> |
| 942 ## - ADDED ENTRY ELEMENTS (KOHA) | |
| Koha item type | eBooks |
| Withdrawn status | Lost status | Damaged status | Home library | Current library | Date acquired | Total Checkouts | Date last seen | Price effective from | Koha item type |
|---|---|---|---|---|---|---|---|---|---|
| Project Gutenberg | Project Gutenberg | 08/28/2014 | 08/28/2014 | 08/28/2014 | eBooks |